| 000 | 00388 a2200145 4500 | ||
|---|---|---|---|
| 001 | 38675 | ||
| 082 | _a620.118 AGA | ||
| 090 |
_c24522 _d24522 |
||
| 100 | _aBhagwan Agarwal | ||
| 245 |
_aAnalysis and Performance of Fiber composites, 2/e _cBhagwan Agarwal |
||
| 250 | _a2 | ||
| 260 |
_aNew York _bJohn Wiley _c1990 |
||
| 300 |
_axviii 448 p _bPhotocopy |
||
| 600 | _aLawrence Broutman | ||
| 942 |
_aNUST-CAE _k620.118 AGA |
||
| 999 |
_c273748 _d273748 |
||